[Event "AUTO-INT-3578"]
[Site "http://www.queenalice.com/game.php?id=1640483"]
[Date "2021.1.19"]
[Round "2"]
[White "fenomeno"]
[Black "flibbertygibbet"]
[Result "0-1"]
[WhiteElo "1760"]
[BlackElo "1981"]

1. e4 e6 2. d4 d5 3. e5 c5 4. c3 Nc6 5. Nf3 cxd4 6. cxd4 Bd7 7. Nc3 Bb4 8. Bd2
Nge7 9. Be2 Nf5 10. a3 Bxc3 11. bxc3 O-O 12. O-O Na5 13. c4 Nxc4 14. Bxc4 dxc4
15. Bg5 Qc7 16. h4 Bc6 17. Rb1 c3 18. Qe2 Rfc8 19. h5 h6 20. Bh4 Bxf3 21. Qxf3
Nxh4 22. Qe4 Nf5 23. Rxb7 Qc6 24. Qxc6 Rxc6 25. Rc1 Nxd4 26. Rc2 Nxc2 0-1

[Event "AUTO-INT-3578"]
[Site "http://www.queenalice.com/game.php?id=1640485"]
[Date "2021.1.19"]
[Round "2"]
[White "fenomeno"]
[Black "Walter"]
[Result "1/2-1/2"]
[WhiteElo "1752"]
[BlackElo "1765"]

1. e4 e5 2. Nf3 Nc6 3. d4 exd4 4. Nxd4 Nxd4 5. Qxd4 d6 6. e5 dxe5 7. Qxd8+ Kxd8
8. Be3 Bf5 9. Bc4 Bxc2 10. O-O Bxb1 11. Raxb1 f6 12. Rfd1+ Bd6 13. Bc5 Ne7 14.
Bxd6 cxd6 15. Rxd6+ Kc7 16. Rbd1 Rad8 17. R6d3 Rxd3 18. Bxd3 Rd8 19. f3 g6 20.
Rc1+ Kb8 21. Be2 Rd2 22. Bc4 Rxb2 23. Be6 a6 24. a4 Nc6 25. Bg8 h5 26. Bd5 Rb4
27. Bxc6 bxc6 28. Rxc6 Rxa4 29. Rxf6 g5 30. Rf5 e4 31. Rxg5 exf3 32. gxf3 h4 33.
Kg2 Rc4 34. Rf5 Rc2+ 35. Kh3 Rf2 36. Kxh4 Rxh2+ 37. Kg3 Rc2 38. Ra5 Kb7 39. Kg4
Kb6 40. Re5 a5 41. f4 a4 42. f5 Rc4+ 43. Kg5 a3 44. f6 a2 45. Re1 Ra4 46. f7
a1=Q 47. Rxa1 Rxa1 48. Kg6 Ra8 1/2-1/2

[Event "AUTO-INT-3578"]
[Site "http://www.queenalice.com/game.php?id=1640486"]
[Date "2021.1.19"]
[Round "2"]
[White "Walter"]
[Black "fenomeno"]
[Result "1-0"]
[WhiteElo "1731"]
[BlackElo "1770"]

1. e4 d5 2. e5 e6 3. d4 f6 4. Nf3 Nc6 5. c4 Bb4+ 6. Bd2 fxe5 7. Bxb4 Nxb4 8.
Nxe5 Nf6 9. Qa4+ Nc6 10. cxd5 Nxd5 11. Nxc6 bxc6 12. Qxc6+ Bd7 13. Qc5 Kf7 14.
Bb5 Rf8 15. Bxd7 Qxd7 16. O-O Kg8 17. Nc3 c6 18. Nxd5 cxd5 19. b4 Rac8 20. Qa5
Rc2 21. Qa3 Qf7 22. Qg3 Qb7 23. a3 Qc6 24. Qe3 Rc8 25. h3 Qe8 26. a4 R8c3 27.
Qf4 a6 28. a5 h6 29. Rac1 Rxc1 30. Rxc1 Rb3 31. Qd6 Rd3 32. Qxa6 Rxd4 33. Qc6
Rd1+ 34. Kh2 Qb8+ 35. g3 Rxc1 36. Qxc1 Qxb4 37. Qc8+ Kf7 38. a6 Qd2 39. Kg2 d4
40. a7 d3 41. a8=Q Kf6 42. Qf3+ Kg6 43. Qxe6+ Kh7 44. Qff5+ 1-0

[Event "AUTO-ADV-4406"]
[Site "http://www.queenalice.com/game.php?id=1644157"]
[Date "2021.2.19"]
[Round "2"]
[White "Canaye"]
[Black "fenomeno"]
[Result "1/2-1/2"]
[WhiteElo "1897"]
[BlackElo "1753"]

1. d4 d5 2. c4 c5 3. Nc3 cxd4 4. Qxd4 e6 5. cxd5 Nc6 6. Qd1 Bb4 7. dxc6 Qxd1+ 8.
Kxd1 bxc6 9. e4 Ne7 10. Bd2 O-O 11. f4 a5 12. Nf3 Rd8 13. Kc2 c5 14. a3 Bxc3 15.
Bxc3 Ng6 16. g3 Bb7 17. Bd3 Rac8 18. Rhd1 Ne7 19. Rac1 c4 20. Kb1 cxd3 21. Nd2
a4 22. Bb4 Nc6 23. Bc3 Na7 24. e5 Nb5 25. Bb4 Rxc1+ 26. Kxc1 Rc8+ 27. Kb1 Nd4
28. Bc3 Ne2 29. Bb4 Nd4 30. Bc3 Nb5 31. Bb4 Nd4 1/2-1/2

[Event "AUTO-ADV-4406"]
[Site "http://www.queenalice.com/game.php?id=1644158"]
[Date "2021.2.19"]
[Round "2"]
[White "fenomeno"]
[Black "Canaye"]
[Result "0-1"]
[WhiteElo "1702"]
[BlackElo "1873"]

1. e4 e6 2. d4 d5 3. Nc3 dxe4 4. Nxe4 Nd7 5. c3 Ngf6 6. Bg5 Be7 7. Bd3 Nxe4 8.
Bxe7 Nxf2 9. Bxd8 Nxd1 10. Rxd1 Kxd8 11. Nf3 b6 12. Kf2 Bb7 13. Rhf1 Ke7 14.
Rfe1 h6 15. Nh4 Rhf8 16. Nf5+ Kf6 17. Ng3 g6 18. Kg1 Kg7 19. Nf1 Nf6 20. Bc2
Rad8 21. Ng3 Rd5 22. Ne2 Rg5 23. Ng3 h5 24. Ne4 Nxe4 25. Bxe4 Bc8 26. Re3 f5 27.
Bd3 Re8 28. Rde1 Kf6 29. Be2 Bb7 30. g3 h4 31. Bd3 hxg3 32. Rxg3 Rxg3+ 33. hxg3
Rh8 34. Kf2 Rh2+ 35. Ke3 Rxb2 36. a4 Ra2 37. Rf1 Rxa4 38. g4 Ra3 39. Kd2 Ra2+
40. Ke3 Rh2 41. gxf5 gxf5 42. c4 Rh3+ 43. Kd2 a5 44. c5 bxc5 45. dxc5 a4 46. Rb1
Bd5 47. Ra1 Bb3 48. Bb5 Rh2+ 49. Kc3 Ra2 50. Rxa2 Bxa2 51. Bxa4 e5 52. Kd2 f4
53. Ke1 e4 54. Bc6 Ke5 55. Kf2 e3+ 56. Ke2 Bd5 57. Bb5 Kd4 58. c6 f3+ 59. Ke1
Bb3 60. Ba6 Kc5 61. Bb7 Ba4 62. Bc8 Bxc6 63. Bg4 Kd4 64. Bh5 Bd5 65. Bg4 c5 66.
Bh3 c4 67. Bf5 Be4 68. Bg4 c3 69. Kd1 Kd3 70. Bh3 c2+ 0-1

[Event "AUTO-ADV-4471"]
[Site "http://www.queenalice.com/game.php?id=1645638"]
[Date "2021.3.4"]
[Round "1"]
[White "Nille"]
[Black "fenomeno"]
[Result "0-1"]
[WhiteElo "1740"]
[BlackElo "1759"]

1. e4 e5 2. Nf3 d6 3. h3 Nc6 4. d4 Nf6 5. dxe5 Nxe4 6. exd6 Bxd6 7. Bb5 O-O 8.
Bxc6 bxc6 9. O-O Bf5 10. Be3 Qc8 11. Ng5 Nxg5 12. Bxg5 Bxh3 13. Bh4 Qf5 14. Bg3
Bg4 15. Qd2 Rad8 16. Bxd6 Rxd6 17. Qe3 Qxc2 18. b3 Rd3 19. Qxa7 Qb2 20. Na3 Rfd8
21. Nc4 Qf6 22. Qxc7 Qg5 23. Ne5 Be6 24. Nxc6 Bh3 25. g3 Qd5 26. Rfe1 Qg2# 0-1

[Event "AUTO-ADV-4471"]
[Site "http://www.queenalice.com/game.php?id=1645639"]
[Date "2021.3.4"]
[Round "1"]
[White "fenomeno"]
[Black "Nille"]
[Result "0-1"]
[WhiteElo "1812"]
[BlackElo "1724"]

1. e4 e5 2. d4 exd4 3. Nf3 Bc5 4. Nxd4 a6 5. c3 h6 6. b4 Bxd4 7. cxd4 Nf6 8. e5
Nd5 9. Bb2 Nxb4 10. Nc3 O-O 11. a3 N4c6 12. Bd3 Nxd4 13. O-O d6 14. exd6 Qxd6
15. Bb1 c5 16. Qd3 Bf5 17. Ne4 Bxe4 18. Qxe4 f5 19. Ba2+ Kh8 20. Rfd1 fxe4 21.
Re1 Qf4 22. Rf1 Qg5 23. Bc4 b5 24. Bxd4 cxd4 25. Rad1 e3 26. Bd3 exf2+ 27. Rxf2
Qe3 28. Rf1 Rxf2 29. Be4 Rxf1+ 30. Kxf1 Qxe4 31. Kf2 d3 0-1

[Event "AUTO-ADV-4471"]
[Site "http://www.queenalice.com/game.php?id=1645652"]
[Date "2021.3.4"]
[Round "1"]
[White "fenomeno"]
[Black "fabricioprado"]
[Result "0-1"]
[WhiteElo "1753"]
[BlackElo "1684"]

1. d4 d5 2. Nc3 c6 3. e4 e6 4. e5 Be7 5. Nf3 f6 6. Be2 Nd7 7. O-O Nb6 8. Bd2 Bd7
9. a3 Qc7 10. b3 O-O-O 11. b4 f5 12. Qb1 h6 13. a4 Nc4 14. Bxc4 dxc4 15. a5 a6
16. Qa2 g5 17. Qxc4 g4 18. Ne1 h5 19. Na4 h4 20. Nb6+ Kb8 21. Nd3 Nh6 22. Nc5
Bxc5 23. bxc5 Nf7 24. Rfb1 Rde8 25. Rb3 Nd8 26. Rab1 Rh7 27. Nxd7+ Qxd7 28. Be3
Ka7 29. Qb4 h3 30. Qb6+ Ka8 31. Qb4 Qc8 32. Qc4 Ree7 33. Bg5 Rd7 34. Bxd8 Rxd8
35. Rb6 Ka7 36. c3 Re8 37. R1b3 hxg2 38. Kxg2 Ree7 39. Rb1 f4 40. Kg1 g3 41.
fxg3 fxg3 42. hxg3 Reg7 43. Kg2 Qg8 44. Qd3 Rg6 45. Qf3 Rhg7 46. Kf2 Rxg3 47.
Rxb7+ Rxb7 48. Rxb7+ Kxb7 49. Qxg3 Qf7+ 0-1

[Event "AUTO-ADV-4471"]
[Site "http://www.queenalice.com/game.php?id=1645653"]
[Date "2021.3.4"]
[Round "1"]
[White "fabricioprado"]
[Black "fenomeno"]
[Result "1-0"]
[WhiteElo "1703"]
[BlackElo "1734"]

1. e4 d5 2. e5 f6 3. exf6 Nxf6 4. d4 c5 5. Nf3 e6 6. Be2 Nc6 7. O-O cxd4 8. Nxd4
Bd7 9. Re1 Bc5 10. Nxc6 bxc6 11. a3 O-O 12. b4 Bb6 13. Bb2 Qc7 14. Bf3 Ng4 15.
Bxg4 Bxf2+ 16. Kh1 Bxe1 17. Qxe1 Rae8 18. Nd2 e5 19. Bxd7 Qxd7 20. Qe2 e4 21.
Bd4 a6 22. Nb3 Re7 23. Nc5 Qf5 24. Nb3 Ref7 25. Nd2 Qf4 26. Be3 Qe5 27. Rb1 d4
28. Bg1 e3 29. Nf3 Qe4 30. Rf1 h6 31. h3 h5 32. Nh2 Rxf1 33. Nxf1 h4 34. Nh2 Rf6
35. Nf3 Rg6 36. Bh2 a5 37. bxa5 c5 38. Qc4+ Kh7 39. Qd3 Qe7 40. Ne5 Qg5 41. Nxg6
Qxg6 42. Qxg6+ Kxg6 43. Kg1 Kf5 44. Kf1 Ke4 45. Ke2 c4 46. a6 d3+ 47. cxd3+ 1-0

[Event "AUTO-ADV-4471"]
[Site "http://www.queenalice.com/game.php?id=1645654"]
[Date "2021.3.4"]
[Round "1"]
[White "fenomeno"]
[Black "Givanildo"]
[Result "0-1"]
[WhiteElo "1792"]
[BlackElo "1642"]

1. e4 d5 2. d4 dxe4 3. Nc3 Bf5 4. Bc4 e6 5. Nge2 Bb4 6. O-O a6 7. a3 Ba5 8. b4
Bb6 9. Be3 c6 10. Ng3 Bg6 11. Ncxe4 Bc7 12. Qf3 Nh6 13. Bxh6 Bxg3 14. Nxg3 gxh6
15. c3 Nd7 16. Rad1 O-O 17. Bd3 f5 18. Bc4 Kh8 19. Bxe6 Nf6 20. Nxf5 Nh5 21. Qe4
Ng7 22. g4 h5 23. gxh5 Bxf5 24. Qe5 Qg5+ 25. Kh1 Qxh5 26. Bxf5 Rxf5 27. Qc7 Qf3+
28. Kg1 Rg5+ 29. Qg3 Rxg3+ 30. fxg3 Qe3+ 31. Kh1 Re8 32. c4 Qxa3 33. b5 axb5 34.
cxb5 Nf5 35. Rxf5 Qb3 36. bxc6 bxc6 37. d5 Qxd1+ 38. Kg2 Qe2+ 39. Kh3 cxd5 40.
Rxd5 Qe6+ 41. Rf5 Qxf5+ 0-1

[Event "AUTO-ADV-4471"]
[Site "http://www.queenalice.com/game.php?id=1645655"]
[Date "2021.3.4"]
[Round "1"]
[White "Givanildo"]
[Black "fenomeno"]
[Result "1/2-1/2"]
[WhiteElo "1681"]
[BlackElo "1693"]

1. d4 Nf6 2. h3 d5 3. Bf4 Nc6 4. e3 e6 5. Bb5 Bd7 6. Ne2 Be7 7. O-O a6 8. Ba4
O-O 9. a3 Re8 10. Nbc3 b5 11. Bb3 Na5 12. Ba2 Nc4 13. Ng3 Nxb2 14. Qe2 Nc4 15.
e4 Nxe4 16. Ncxe4 dxe4 17. Nxe4 Nxa3 18. c4 Nxc4 19. Bxc4 bxc4 20. Qc2 Bb5 21.
h4 Bxh4 22. g3 Bf6 23. Nxf6+ Qxf6 24. Rad1 Rad8 25. Be5 Qh6 26. Qc3 Bc6 27. f3
f6 28. Bf4 Qh3 29. Qxc4 Bb5 30. Qxc7 Rxd4 31. Rc1 e5 32. Qb6 Rxf4 33. gxf4 Qg3+
34. Kh1 Bxf1 35. Rxf1 exf4 36. Qb3+ Kf8 37. Qb4+ Kf7 38. Qc4+ Kf8 39. Qc5+ Kf7
40. Qf2 Qh3+ 41. Kg1 Qg3+ 42. Qxg3 fxg3 43. Kg2 a5 44. Kxg3 a4 45. f4 f5 46. Kh4
a3 47. Kg5 g6 48. Ra1 Re3 49. Kh6 Kf6 50. Kxh7 g5 51. fxg5+ Kxg5 52. Rg1+ Kf4
53. Rf1+ Rf3 54. Ra1 Kg3 55. Rg1+ Kf2 56. Ra1 Ke2 57. Kg6 f4 58. Kg5 Rf1 59.
Ra2+ Ke3 60. Rxa3+ Ke2 61. Ra2+ Ke3 62. Ra3+ Ke2 63. Ra2+ Ke3 64. Ra3+ Ke2
1/2-1/2

[Event "AUTO-ADV-4495"]
[Site "http://www.queenalice.com/game.php?id=1758825"]
[Date "2021.5.7"]
[Round "1"]
[White "ECCelestino"]
[Black "fenomeno"]
[Result "1-0"]
[WhiteElo "1868"]
[BlackElo "1684"]

1. e4 e5 2. Nf3 d6 3. Be2 Nc6 4. O-O Nf6 5. c3 Be7 6. d4 O-O 7. Bd3 a6 8. Bc2
Bg4 9. Nbd2 Re8 10. h3 Bd7 11. Bb3 b5 12. Ng5 Qc8 13. Nxf7 Rf8 14. Nxd6+ Kh8 15.
Nxc8 Raxc8 16. dxe5 1-0

[Event "AUTO-ADV-4495"]
[Site "http://www.queenalice.com/game.php?id=1758826"]
[Date "2021.5.7"]
[Round "1"]
[White "fenomeno"]
[Black "ECCelestino"]
[Result "0-1"]
[WhiteElo "1693"]
[BlackElo "1859"]

1. e4 e5 2. d4 d5 3. Nf3 Nc6 4. exd5 Nxd4 5. Nxd4 exd4 6. Qxd4 Nf6 7. c4 c5 8.
Qe5+ Be7 9. Bg5 O-O 10. Bd3 Re8 11. O-O Bd6 12. Qc3 Be7 13. Nd2 h6 14. Be3 Qd6
15. Ne4 Nxe4 16. Bxe4 Bf6 0-1

[Event "AUTO-ADV-4495"]
[Site "http://www.queenalice.com/game.php?id=1758841"]
[Date "2021.5.7"]
[Round "1"]
[White "fenomeno"]
[Black "MarcosT"]
[Result "0-1"]
[WhiteElo "1709"]
[BlackElo "1933"]

1. e4 c5 2. Bc4 e6 3. c3 d6 4. Nf3 Nc6 5. O-O Be7 6. d4 cxd4 7. cxd4 Nf6 8. Nc3
O-O 9. Bd3 e5 10. Bc2 Bg4 11. Qd3 Nb4 12. Qd2 Nxc2 13. Qxc2 Rc8 14. Qd3 a6 15.
Rd1 Qb6 16. h3 Bh5 0-1

[Event "AUTO-ADV-4495"]
[Site "http://www.queenalice.com/game.php?id=1758842"]
[Date "2021.5.7"]
[Round "1"]
[White "MarcosT"]
[Black "fenomeno"]
[Result "1-0"]
[WhiteElo "1925"]
[BlackElo "1717"]

1. e4 d5 2. exd5 Qxd5 3. Nc3 Qd8 4. Nf3 Bg4 5. Be2 e6 6. O-O Nf6 7. d3 Bb4 8.
Bd2 Nc6 9. Bg5 O-O 10. Ne4 Be7 11. c3 h6 12. Nxf6+ Bxf6 13. Bxf6 Qxf6 14. Re1
Rad8 15. h3 Bh5 16. d4 1-0

[Event "AUTO-ADV-4495"]
[Site "http://www.queenalice.com/game.php?id=1758843"]
[Date "2021.5.7"]
[Round "1"]
[White "fenomeno"]
[Black "RJOliveira"]
[Result "0-1"]
[WhiteElo "1675"]
[BlackElo "1757"]

1. e4 e5 2. Nf3 d6 3. d4 Bg4 4. Be2 Nf6 5. O-O Be7 6. h3 Be6 7. Nc3 Nc6 8. d5
Bxh3 9. dxc6 Bg4 10. cxb7 Rb8 11. Ba6 O-O 12. Re1 c6 13. Bd2 d5 14. exd5 cxd5
15. Rxe5 Bd6 16. Re1 Bc7 17. Qe2 Qd6 0-1

[Event "AUTO-ADV-4495"]
[Site "http://www.queenalice.com/game.php?id=1758844"]
[Date "2021.5.7"]
[Round "1"]
[White "RJOliveira"]
[Black "fenomeno"]
[Result "1-0"]
[WhiteElo "1770"]
[BlackElo "1662"]

1. e4 d5 2. d4 Nc6 3. Bb5 Bd7 4. Nf3 e6 5. O-O Nf6 6. e5 Ne4 7. c3 a6 8. Bd3 f6
9. Re1 Be7 10. Nbd2 O-O 11. Nxe4 dxe4 12. Bxe4 fxe5 13. Nxe5 Nxe5 14. dxe5 Bh4
15. Be3 Qe7 16. Bc2 Bc6 17. Qd3 1-0